• 首页
  • 本馆介绍
  • 公告通知
  • 最新文献
  • 馆藏检索
  • 电子资源
  • 读者导购
  • 参考咨询
  • 我的图书馆
  • 登录
  • 详细信息显示
  • 放入我的书架
  • 预约/预借图书
  • 作者相关作品
  • 分类相关作品
  • 丛书相关作品
  • 出版社相关作品

书目信息

  • 表格格式
  • 工作单格式
  • 卡片格式
题名:
捷联式陀螺仪设计
    
 
作者: 劳伦斯 著 ;《捷联式陀螺仪设计》翻译组 译
分册:  
出版信息: 北京   国防工业出版社  1973
页数: 256页
开本: 20cm
丛书名:
单 册:
中图分类: TN965
科图分类:
主题词: 无线电导航--导航设备 , 无线电导航--导航台
电子资源:
ISBN:
000 00743nam0 2200229 450
001 0653795969
005 20060601145920.75
010    @dCNY0.85
100    @a20060601d1973 km y0chiy0120 ea
101 0  @achi@ceng
102    @aCN@b110000
102    @aCN@b110000
200 1  @a捷联式陀螺仪设计@Ajie lian shi tuo luo yi she ji@f(美)A·W·劳伦斯著@F(mei)A·W·lao lun si zhu@g《捷联式陀螺仪设计》翻译组译
210    @a北京@c国防工业出版社@d1973
215    @a256页@d20cm
606 0  @a无线电导航@x导航设备
606 0  @a无线电导航@x导航台
690    @aTN965@v3
701  0 @a劳伦斯@Alao lun si@4著
712  0 @a《捷联式陀螺仪设计》翻译组@A《jie lian shi tuo luo yi she ji》fan yi zu@4译
801  0 @aCN@bPFT@c20060601
905    @a10447@dTN965@e10
    
    捷联式陀螺仪设计/(美)A·W·劳伦斯著/《捷联式陀螺仪设计》翻译组译.-北京:国防工业出版社,1973
    256页;20cm
    
    
    ISBN :CNY0.85
    
●
相关链接 在E读中查询图书 在五车中查询图书 在当当中查询图书 在豆瓣中查询图书


正题名:捷联式陀螺仪设计     索取号:TN965/10         预约/预借

序号 登录号 条形码 馆藏地/架位号 状态 备注
1 0420343   204203432   密集书库/ [索取号:TN965/10] 在馆    
欢迎您!
大连网信软件有限公司© 版权所有